000 00321nam a2200109Ia 4500
008 220216s9999 xx 000 0 und d
245 0 _aLocation for rubber (Hevea brasiliensis) cultivation. (Planting notes. 2)
260 _bRubber Board Bulletin
_c1962-63
300 _a23-25
650 _aPlanting practices
942 _cJS
999 _c62244
_d62244